Strašne zúfalé trio 2: Deň bez syrových makarónov /
Vo svete, kde každé zviera dostalo svoju superschopnosť, zebra Zeb, tučniačica Margarínka a lemur Barry majú tie najhoršie. Všetko sa ešte zhorší, keď Margi zo dňa na deň príde o superschopnosť pripraviť syrové makaróny z čohokoľvek, a traja kamaráti tak musia čeliť vyhladovanému levovi. Skončí Zeb...
Uloženo v:
| Série: | Strašne zúfalé trio,
část 2 |
|---|---|
| Hlavní autor: | |
| Médium: | E-kniha |
| Jazyk: | Czech |
| Vydáno: |
Praha :
Albatros Media Slovakia s.r.o.,
2026
|
| Příbuzné jednotky: | Z cyklu::
Strašne zúfalé trio |
| Tagy: |
Žádné tagy |
| LEADER | 01427nam a22002417i 4500 | ||
|---|---|---|---|
| 001 | 305191 | ||
| 007 | ta | ||
| 008 | 260601s2026 xr ||||| |||| 00| 0 cze d | ||
| 020 | |a 9788056652046 | ||
| 044 | |a xr | ||
| 100 | 1 | |a Haddow, Swapna |4 aut | |
| 245 | 1 | 0 | |a Strašne zúfalé trio 2: Deň bez syrových makarónov / |c Haddow, Swapna |
| 240 | 1 | 0 | |a The Terrible Trio 2: The Day The Mac ´N´ Cheese Ran Out |
| 264 | 1 | |a Praha : |b Albatros Media Slovakia s.r.o., |c 2026 | |
| 300 | |a 1 online zdroj (192 stran) | ||
| 336 | |a text |b txt |2 rdacontent | ||
| 337 | |a bez média |b n |2 rdamedia | ||
| 338 | |a online zdroj |b cr |2 rdacarrier | ||
| 520 | 2 | |a Vo svete, kde každé zviera dostalo svoju superschopnosť, zebra Zeb, tučniačica Margarínka a lemur Barry majú tie najhoršie. Všetko sa ešte zhorší, keď Margi zo dňa na deň príde o superschopnosť pripraviť syrové makaróny z čohokoľvek, a traja kamaráti tak musia čeliť vyhladovanému levovi. Skončí Zeb na ražni? | |
| 787 | 0 | 8 | |g 2 |i Z cyklu: |t Strašne zúfalé trio |
| 910 | |a RBIT002 | ||
| 998 | |d 427495 |a https://core.palmknihy.cz/api/books/427495/cover?tfrpwq |b https://core.palmknihy.cz/api/books/427495/cover/400?tfrpwq |c https://core.palmknihy.cz/api/books/427495/cover/50?tfrpwq |e 2030-05-06 |g 192 |i 9788056652046 |k https://core.palmknihy.cz/api/books/427495/preview.pdf |l |q 49 |r 1 |s https://www.palmknihy.cz/kniha/427495 |t ebook |y 2026 |z 1 |v Strašne zúfalé trio |w 2 | ||
| 999 | |d 305189 | ||